Statistics for Artists That Have Worked with Ghostface Killah

Click here to take the quiz!

General Stats

  • This quiz has been taken 3 times
  • The average score is 5 of 33

Answer Stats

Answer% Correct
Kendrick Lamar
67%
Method Man
67%
Raekwon
67%
U-God
67%
Benny the Butcher
33%
Cappadonna
33%
Jadakiss
33%
KXNG Crooked
33%
Masta Killa
33%
Sheek Louch
33%
Autre Ne Veut
0%
AZ
0%
Banks & Steelz
0%
Busta Rhymes
0%
Camay
0%
Charli Baltimore
0%
Comp
0%
DJ Kayslay
0%
Flume
0%
Joy Denalane
0%
Junior Reid
0%
Killa Sin
0%
Logic
0%
Lord Tarriq
0%
Lupe Fiasco
0%
Mary J. Blige
0%
Mike Shinoda
0%
Ne-Yo
0%
Nicole Bus
0%
Raheem DeVaughn
0%
Summer Walker
0%
Tragedy Khadafi
0%
Westside Gunn
0%

Score Distribution

Percentile by Number Answered

Percent of People with Each Score

Your Score History

You have not taken this quiz